书目信息 |
| 题名: |
粗波分复用技术及其工程应用
|
|
| 作者: | 胡先志 , 李永红 编著 | |
| 分册: | ||
| 出版信息: | 北京 人民邮电出版社 2005.03 |
|
| 页数: | 256页 | |
| 开本: | 26cm | |
| 丛书名: | 现代光通信技术丛书 | |
| 单 册: | ||
| 中图分类: | TN929.11 | |
| 科图分类: | TN929.11 | |
| 主题词: | 激光通信 , 光纤通信-工程技术 | |
| 电子资源: | ||
| ISBN: | 7-115-13065-5 | |
| 000 | 00792nam0 2200253 450 | |
| 001 | 0657823813 | |
| 005 | 20061011102147.45 | |
| 010 | @a7-115-13065-5@dCNY 36.00 | |
| 100 | @a20060824d2005 km y0chiy0120 ea | |
| 101 | 0 | @achi |
| 102 | @aCN@b110000 | |
| 200 | 1 | @a粗波分复用技术及其工程应用@Acu bo fen fu yong ji shu ji qi gong cheng ying yong@f胡先志,李永红等编著@Fhu xian zhi,li yong hong deng bian zhu |
| 210 | @a北京@c人民邮电出版社@d2005.03 | |
| 215 | @a256页@d26cm | |
| 225 | 2 | @a现代光通信技术丛书 |
| 410 | 0 | @12001 @a现代光通信技术丛书 |
| 606 | 0 | @a激光通信 |
| 606 | 0 | @a光纤通信-工程技术 |
| 690 | @aTN929.11@v4 | |
| 692 | @aTN929.11 | |
| 701 | 0 | @a胡先志@Ahu xian zhi@4编著 |
| 701 | 0 | @a李永红@Ali yong hong@4编著 |
| 801 | 0 | @aCN@c20061011 |
| 905 | @a10447@dTN929.11@eH519 | |
| 粗波分复用技术及其工程应用/胡先志,李永红等编著.-北京:人民邮电出版社,2005.03 |
| 256页;26cm.-(现代光通信技术丛书) |
| ISBN 7-115-13065-5:CNY 36.00 |
| ● |
| 相关链接 |
|
|
|
正题名:粗波分复用技术及其工程应用
索取号:TN929.11/H519
 
预约/预借
| 序号 | 登录号 | 条形码 | 馆藏地/架位号 | 状态 | 备注 |
| 1 | 609434 | 206094340 | 自科库301/301自科库 30排4列3层/ [索取号:TN929.11/H519] | 在馆 | |
| 2 | 609435 | 206094359 | 自科库301/301自科库 999排8列2层/ [索取号:TN929.11/H519] | 在馆 | |
| 3 | 609436 | 206094368 | 自科库301/301自科库 999排8列2层/ [索取号:TN929.11/H519] | 在馆 |